00410cam a22001217a 4500008004000000082001900040100001400059245010500073260003600178300001000214650004000224650002400264180718b1969 xxu||||| |||| 00| 0 eng d aBA27x5422 N143 aNaik, T.B aImpact of education on the Bhils: cultural change in the tribal life of Madhya Pradeshcby T.B. Naik aDelhibWedoli Advertisersc1969 a337p. aEducation --India --Madhya Pradesh. aBhil (Indic people)